| 000 | 00869nam a2200349 a 4500 | ||
|---|---|---|---|
| 003 | AR-BaBNM | ||
| 005 | 20251128204754.0 | ||
| 008 | 082120s2002 ||||||||||||||000 | spa|| | ||
| 020 | _a84-368-0747-2 | ||
| 040 | _cAR-BaBNM | ||
| 100 | 1 | _aLewis, Michael | |
| 245 | 0 | 0 | _aLa cultura del dinero |
| 260 |
_aMadrid _bEdiciones Pirámide _c1993 |
||
| 300 | _a236 p. | ||
| 490 | 0 | _aEmpresa y gestión | |
| 650 | 4 | _aDINERO | |
| 650 | 4 | _aMERCADOS FINANCIEROS | |
| 650 | 4 | _aFINANZAS | |
| 650 | 4 | _aCOMERCIO | |
| 650 | 4 | _aECONOMIA DE MERCADO | |
| 650 | 4 | _aECONOMIA DE LA EMPRESA | |
| 650 | 4 | _aCAPITALISMO | |
| 650 | 4 | _aGANANCIAS | |
| 650 | 4 | _aBANCOS | |
| 650 | 4 | _aINVERSION | |
| 651 | 4 | _aJapón | |
| 651 | 4 | _aEstados Unidos | |
| 700 | 1 |
_aGómez, Carlos Mario _etraductor |
|
| 800 | 1 |
_aBueno Campos, Eduardo _edirector |
|
| 942 | _cBK | ||
| 998 | _cmariana | ||
| 999 |
_c8764 _d8764 |
||